An investigation into linguistic devices indicating paraphrases in English and Vietnamese movie scripts

Introduction; Literature review and theoretical background; Research design and methodology...

Sparad:
Bibliografiska uppgifter
Huvudupphovsman: Trịnh, Khắc Thùy Hương.
Övriga upphovsmän: Ngô Đình Phong, Assoc. Prof. Dr. (Hướng dẫn.)
Materialtyp: Okänd
Språk:English
Publicerad: Đà Nẵng : Đại học Đà Nẵng, 2011.
Ämnen:
Taggar: Lägg till en tagg
Inga taggar, Lägg till första taggen!
Thư viện lưu trữ: Mạng thư viện Đại học Đà Nẵng
LEADER 02911na a2200373 4500
001 000031704
003 6918
005 20230728115823.0
008 151001s2011 000 eng
040 |a LNN 
041 |a ENG 
082 |a 420.4  |b TR-H 
100 1 |a Trịnh, Khắc Thùy Hương. 
245 1 3 |a An investigation into linguistic devices indicating paraphrases in English and Vietnamese movie scripts  |h [Thesis-Luận văn thạc sĩ] /  |c Trịnh Khắc Thùy Hương; Ngô Đình Phương hướng dẫn. 
260 |a Đà Nẵng :  |b Đại học Đà Nẵng,  |c 2011. 
300 |a 77tr. ;  |c 29 cm. +  |e 1 tóm tắt. 
500 |a M.A. thesis in the English language. 
520 3 |a Introduction; Literature review and theoretical background; Research design and methodology... 
630 0 4 |a Tiếng Anh. 
650 0 4 |a English language  |x Linguistic devices. 
700 1 |a Ngô Đình Phong,  |c Assoc. Prof. Dr.,  |e Hướng dẫn. 
OWN |a LNN 
AVA |a UDN50  |b LNN  |c English  |d 420.4 TR-H  |e available  |t Error 5001 Not defined in file expand_doc_bib_avail.  |f 1  |g 0  |h N  |i 0  |j AN  |k 1 
Z40 3 |y An investigation into linguistic devices indicating paraphrases in English and Vietnamese movie scri  |l Library of UFL  |t VIEW  |x http://catalog.udn.vn:80/F?func=service&doc_library=UDN01&local_base=UDN01&doc_number=000031704&sequence=000001&line_number=0001&func_code=DB_RECORDS&service_type=MEDIA  |f Tomtat-ThuyHuong_000034187.pdf  |e pdf  |s 000590480  |k 20240419  |m NTMTHI 
Z40 3 |y An investigation into linguistic devices indicating paraphrases in English and Vietnamese movie scri  |l Library of UFL  |t VIEW  |x http://catalog.udn.vn:80/F?func=service&doc_library=UDN01&local_base=UDN01&doc_number=000031704&sequence=000002&line_number=0002&func_code=DB_RECORDS&service_type=MEDIA  |f Luanvan-ThuyHuong_000034189.pdf  |e pdf  |s 000979834  |k 20240419  |m NTMTHI 
999 |a From the UDN01 
AVA |a UDN50  |b LNN  |c English  |d 420.4 TR-H  |e available  |t Error 5001 Not defined in file expand_doc_bib_avail.  |f 1  |g 0  |h N  |i 0  |j AN  |k 1 
TYP |a Printed language 
856 |y An investigation into linguistic devices indicating paraphrases in English and Vietnamese movie scri  |l Library of UFL  |t VIEW  |x http://catalog.udn.vn:80/F?func=service&doc_library=UDN01&local_base=UDN01&doc_number=000031704&sequence=000001&line_number=0001&func_code=DB_RECORDS&service_type=MEDIA  |f Tomtat-ThuyHuong_000034187.pdf  |e pdf  |s 000590480  |k 20240419  |m NTMTHI 
856 |y An investigation into linguistic devices indicating paraphrases in English and Vietnamese movie scri  |l Library of UFL  |t VIEW  |x http://catalog.udn.vn:80/F?func=service&doc_library=UDN01&local_base=UDN01&doc_number=000031704&sequence=000002&line_number=0002&func_code=DB_RECORDS&service_type=MEDIA  |f Luanvan-ThuyHuong_000034189.pdf  |e pdf  |s 000979834  |k 20240419  |m NTMTHI 
980 |a Mạng thư viện Đại học Đà Nẵng